Score 0/29 Timer 05:00
0 Plays Today
American Icon % Correct
Books
66.4%
Republicans
63.3%
Democrats
62.8%
McDonald's
60.6%
Bed, Bath, and Beyond
54.9%
Wal-Mart
52.2%
Baseball
51.3%
Slavery
50%
NFL
44.7%
Sportsmanship
43.4%
Fake Tits
42%
Porno
39.8%
Liberty
38.1%
The Internet
35.8%
Taco Bell
35.4%
American Icon % Correct
The Gap
35%
Starbucks
34.1%
Rock and Roll
33.2%
Sushi
32.7%
Disney World
30.1%
Immigrants
30.1%
The Alamo
29.6%
Band-Aids
28.8%
Las Vegas
27%
Christmas
25.7%
White Slips
24.3%
Valium
23.9%
Reeboks
17.7%
Rodeos
17.3%

You're not logged in!

Compare scores with friends on all Sporcle quizzes.
OR
Log In

Sporcle TV

Today on Sporcle TV


Watch our educational content, quiz creation guides, and fun videos on Sporcle TV.

Show Comments

Extras

Created Sep 28, 2009ReportNominate
Tags:America, icon, mentions, yeah

Top Quizzes Today


Score Distribution

Paid Content

Your Account Isn't Verified!

In order to create a playlist on Sporcle, you need to verify the email address you used during registration. Go to your Sporcle Settings to finish the process.

Report this User

Report this user for behavior that violates our Community Guidelines.

Details: